Random Harry Potter Characters by Picture - Statistics

General Stats
  • This quiz has been taken 427 times
  • The average score is 12 of 16
Answer Stats
Picture Answer % Correct
Harry Potter
100%
Lord Voldemort
100%
Rubeus Hagrid
100%
Albus Dumbledore
98%
Draco Malfoy
98%
Hermione Granger
98%
James Potter
98%
Lily Potter
98%
Lucius Malfoy
98%
Cedric Diggory
97%
Minerva McGonagall
97%
Dobby
96%
Hedwig
96%
Sirius Black
96%
Viktor Krum
96%
Bellatrix Lestrange
95%
Ron Weasley
95%
Severus Snape
95%
Alastor Moody
94%
Bill Weasley
94%
Fleur Delacour
94%
Fred Weasley
94%
George Weasley
94%
Luna Lovegood
94%
Cho Chang
93%
Dolores Umbridge
93%
Dudley Dursley
93%
Ginny Weasley
93%
Lavender Brown
93%
Remus Lupin
93%
Arthur Weasley
92%
Gilderoy Lockhart
92%
Nearly Headless Nick
92%
Neville Longbottom
91%
Barty Crouch Senior
90%
Moaning Myrtle
90%
Peter Pettigrew
90%
Seamus Finnigan
90%
Molly Weasley
89%
Vincent Crabbe
89%
Vernon Dursley
88%
Cormac MacLaggen
86%
Fawkes
86%
Gregory Goyle
85%
Horace Slughorn
85%
Petunia Dursley
85%
Rita Skeeter
84%
Nymphadora Tonks
83%
Cornelius Fudge
82%
Percy Weasley
82%
Dean Thomas
81%
Filius Flitwick
81%
Oliver Wood
81%
Sybill Trelawney
80%
Marjorie Dursley
79%
Parvati Patil
79%
Pomona Sprout
78%
Quirinus Quirrell
78%
Xenophilius Lovegood
78%
Argus Filch
77%
Narcissa Malfoy
77%
Pansy Parkinson
77%
Poppy Pomfrey
77%
Rolanda Hooch
77%
Garrick Ollivander
76%
Buckbeak
75%
The Fat Lady
75%
Fang
74%
Kreacher
74%
Firenze
72%
Mrs Norris
71%
Fenrir Greyback
70%
Kingsley Shacklebolt
70%
Lee Jordan
70%
Mundungus Fletcher
70%
Grawp
69%
Griphook
69%
Olympe Maxime
69%
Crookshanks
68%
Igor Karkaroff
68%
Amos Diggory
65%
Charlie Weasley
64%
Katie Bell
63%
Arabella Figg
62%
Colin Crivey
59%
Angelina Johnson
57%
Rufus Scrimgeour
57%
Stan Shunpike
56%
Bathilda Bagshot
54%
Corban Yaxley
50%
Gellert Grindelwald
49%
Elphias Doge
45%
Pigwidgeon
42%
Alicia Spinnet
34%
Ernie MacMillan
30%
Muriel
26%
Phineas Nigellus Black
26%
Aberforth Dumbledore
25%
Borgin
21%
Wilhelmina Grubbly-Plank
13%
No matching quizzes found
Score Distribution
Percent of People with Each Score
Percentile by Number Answered
Your Score History
You have not taken this quiz